[Event "April 9 Early 2024"]
[Site "Chess.com"]
[Date "2024.04.09"]
[Round "2"]
[White "Wael Sabry, Mina"]
[Black "Korchmar, Vasiliy"]
[Result "0-1"]
[Board "116"]
[WhiteFideId "10670173"]
[BlackFideId "24131750"]
[WhiteTitle "CM"]
[BlackTitle "IM"]
[WhiteElo "2427"]
[BlackElo "2723"]
[WhiteTeam "EGY"]
[BlackTeam "RUS"]
[WhiteClock "0:01:00"]
[BlackClock "0:00:05"]
[Variant "Standard"]

1. Nf3 {[%clk 0:03:00]}  d5 {[%clk 0:02:57]} 2. g3 {[%clk 0:02:59]}  g6 {[%clk 0:02:57]} 3. Bg2 {[%clk 0:03:00]}  Bg7 {[%clk 0:02:57]} 4. d4 {[%clk 0:03:00]}  Nf6 {[%clk 0:02:57]} 5. O-O {[%clk 0:03:01]}  c6 {[%clk 0:02:57]} 6. c4 {[%clk 0:03:02]}  dxc4 {[%clk 0:02:56]} 7. Na3 {[%clk 0:03:02]}  Be6 {[%clk 0:02:52]} 8. Ng5 {[%clk 0:03:01]}  Bd5 {[%clk 0:02:44]} 9. e4 {[%clk 0:03:01]}  h6 {[%clk 0:02:45]} 10. exd5 {[%clk 0:02:58]}  hxg5 {[%clk 0:02:45]} 11. dxc6 {[%clk 0:02:34]}  Nxc6 {[%clk 0:02:46]} 12. d5 {[%clk 0:02:35]}  Ne5 {[%clk 0:02:32]} 13. Nxc4 {[%clk 0:02:29]}  Nxc4 {[%clk 0:02:26]} 14. Qa4+ {[%clk 0:02:28]}  Qd7 {[%clk 0:02:19]} 15. Qxc4 {[%clk 0:02:28]}  Ng4 {[%clk 0:02:19]} 16. Bxg5 {[%clk 0:02:19]}  Rxh2 {[%clk 0:01:54]} 17. Rfe1 {[%clk 0:02:17]}  Ne5 {[%clk 0:01:29]} 18. Rxe5 {[%clk 0:02:10]}  Rxg2+ {[%clk 0:01:29]} 19. Kxg2 {[%clk 0:02:11]}  Bxe5 {[%clk 0:01:29]} 20. Re1 {[%clk 0:02:11]}  f6 {[%clk 0:01:23]} 21. d6 {[%clk 0:02:06]}  Qc6+ {[%clk 0:00:54]} 22. Qxc6+ {[%clk 0:01:58]}  bxc6 {[%clk 0:00:55]} 23. dxe7 {[%clk 0:01:56]}  Bxb2 {[%clk 0:00:47]} 24. Bf4 {[%clk 0:01:54]}  c5 {[%clk 0:00:34]} 25. Bd6 {[%clk 0:01:54]}  Bd4 {[%clk 0:00:31]} 26. Rh1 {[%clk 0:01:43]}  Kd7 {[%clk 0:00:31]} 27. Bf4 {[%clk 0:01:29]}  g5 {[%clk 0:00:31]} 28. Bd2 {[%clk 0:01:27]}  Kxe7 {[%clk 0:00:29]} 29. f4 {[%clk 0:01:22]}  g4 {[%clk 0:00:27]} 30. Rh7+ {[%clk 0:01:20]}  Ke6 {[%clk 0:00:24]} 31. Rg7 {[%clk 0:01:16]}  Kf5 {[%clk 0:00:25]} 32. Kf1 {[%clk 0:01:16]}  Rh8 {[%clk 0:00:11]} 33. Rxa7 {[%clk 0:01:14]}  Rh2 {[%clk 0:00:11]} 34. Be1 {[%clk 0:01:12]}  Ke4 {[%clk 0:00:09]} 35. Ra3 {[%clk 0:01:10]}  Rc2 {[%clk 0:00:08]} 36. Ba5 {[%clk 0:01:04]}  c4 {[%clk 0:00:07]} 37. Bd8 {[%clk 0:01:02]}  c3 {[%clk 0:00:07]} 38. Ba5 {[%clk 0:01:02]}  Kf3 {[%clk 0:00:05]} 39. Rb3 {[%clk 0:01:00]}  Rc1# {[%clk 0:00:05]} 0-1

[Event "April 9 Early 2024"]
[Site "Chess.com"]
[Date "2024.04.09"]
[Round "2"]
[White "Ozer, Omer Faruk"]
[Black "Wueest, Andrin"]
[Result "1-0"]
[Board "121"]
[WhiteFideId "6354564"]
[BlackFideId "1300881"]
[WhiteTitle "IM"]
[BlackTitle "CM"]
[WhiteElo "2714"]
[BlackElo "2416"]
[WhiteTeam "TUR"]
[BlackTeam "SUI"]
[WhiteClock "0:02:03"]
[BlackClock "0:01:55"]
[Variant "Standard"]

1. e4 {[%clk 0:03:00]}  c5 {[%clk 0:02:59]} 2. Nf3 {[%clk 0:03:00]}  e6 {[%clk 0:02:59]} 3. d3 {[%clk 0:02:58]}  Nc6 {[%clk 0:02:57]} 4. Nbd2 {[%clk 0:02:59]}  g6 {[%clk 0:02:57]} 5. g3 {[%clk 0:02:58]}  Bg7 {[%clk 0:02:57]} 6. Bg2 {[%clk 0:02:59]}  Nge7 {[%clk 0:02:58]} 7. O-O {[%clk 0:03:00]}  b6 {[%clk 0:02:58]} 8. Re1 {[%clk 0:02:56]}  Bb7 {[%clk 0:02:59]} 9. c3 {[%clk 0:02:56]}  d5 {[%clk 0:02:58]} 10. Qe2 {[%clk 0:02:55]}  a5 {[%clk 0:02:55]} 11. exd5 {[%clk 0:02:48]}  Nxd5 {[%clk 0:02:53]} 12. Ne4 {[%clk 0:02:44]}  Qc7 {[%clk 0:02:47]} 13. c4 {[%clk 0:02:41]}  Nde7 {[%clk 0:02:35]} 14. Bf4 {[%clk 0:02:38]}  e5 {[%clk 0:02:35]} 15. Bg5 {[%clk 0:02:38]}  O-O {[%clk 0:02:29]} 16. Nf6+ {[%clk 0:02:37]}  Kh8 {[%clk 0:02:25]} 17. Nxe5 {[%clk 0:02:23]}  Nxe5 {[%clk 0:02:23]} 18. Qxe5 {[%clk 0:02:24]}  Qxe5 {[%clk 0:02:22]} 19. Rxe5 {[%clk 0:02:25]}  Bxg2 {[%clk 0:02:21]} 20. Rxe7 {[%clk 0:02:17]}  h6 {[%clk 0:02:13]} 21. Kxg2 {[%clk 0:02:14]}  hxg5 {[%clk 0:02:12]} 22. Nd7 {[%clk 0:02:15]}  Rfd8 {[%clk 0:01:59]} 23. Rxf7 {[%clk 0:02:14]}  Ra7 {[%clk 0:01:58]} 24. Ne5 {[%clk 0:02:14]}  Bxe5 {[%clk 0:01:56]} 25. Rxa7 {[%clk 0:02:14]}  Bxb2 {[%clk 0:01:56]} 26. Rb1 {[%clk 0:02:12]}  Bd4 {[%clk 0:01:56]} 27. Rxb6 {[%clk 0:02:12]}  Rf8 {[%clk 0:01:56]} 28. f3 {[%clk 0:02:03]}  g4 {[%clk 0:01:56]} 29. fxg4 {[%clk 0:02:03]}  Rf2+ {[%clk 0:01:55]} 30. Kh3 {[%clk 0:02:03]}  Rxa2 {[%clk 0:01:55]} 31. Rb8# {[%clk 0:02:03]} 1-0

[Event "April 9 Early 2024"]
[Site "Chess.com"]
[Date "2024.04.09"]
[Round "2"]
[White "Koridze, Lile"]
[Black "Kleiman, Jake"]
[Result "0-1"]
[Board "124"]
[WhiteFideId "13612514"]
[BlackFideId "2020041"]
[WhiteTitle "WFM"]
[BlackTitle "IM"]
[WhiteElo "2378"]
[BlackElo "2697"]
[WhiteTeam "GEO"]
[BlackTeam "USA"]
[WhiteClock "0:00:16"]
[BlackClock "0:00:58"]
[Variant "Standard"]

1. d4 {[%clk 0:03:00]}  Nf6 {[%clk 0:02:59]} 2. c4 {[%clk 0:02:59]}  e6 {[%clk 0:03:00]} 3. Nf3 {[%clk 0:02:59]}  Bb4+ {[%clk 0:03:01]} 4. Bd2 {[%clk 0:02:59]}  Bxd2+ {[%clk 0:03:01]} 5. Qxd2 {[%clk 0:02:57]}  O-O {[%clk 0:03:02]} 6. Nc3 {[%clk 0:02:57]}  d5 {[%clk 0:03:02]} 7. g3 {[%clk 0:02:57]}  c6 {[%clk 0:03:01]} 8. Bg2 {[%clk 0:02:58]}  Nbd7 {[%clk 0:03:02]} 9. O-O {[%clk 0:02:58]}  b6 {[%clk 0:03:02]} 10. Qc2 {[%clk 0:02:57]}  Bb7 {[%clk 0:03:02]} 11. b3 {[%clk 0:02:36]}  c5 {[%clk 0:03:02]} 12. cxd5 {[%clk 0:02:26]}  exd5 {[%clk 0:03:02]} 13. Rad1 {[%clk 0:02:24]}  Re8 {[%clk 0:03:01]} 14. Rfe1 {[%clk 0:02:22]}  a6 {[%clk 0:02:58]} 15. dxc5 {[%clk 0:02:10]}  bxc5 {[%clk 0:02:58]} 16. Nh4 {[%clk 0:02:10]}  Nb6 {[%clk 0:02:53]} 17. Qc1 {[%clk 0:01:19]}  h6 {[%clk 0:02:43]} 18. Nf5 {[%clk 0:01:18]}  Qc7 {[%clk 0:02:28]} 19. e4 {[%clk 0:00:41]}  dxe4 {[%clk 0:02:15]} 20. Nd6 {[%clk 0:00:40]}  Re6 {[%clk 0:02:15]} 21. Ndxe4 {[%clk 0:00:27]}  Nxe4 {[%clk 0:02:10]} 22. Bxe4 {[%clk 0:00:27]}  Rae8 {[%clk 0:02:05]} 23. Bxb7 {[%clk 0:00:27]}  Qxb7 {[%clk 0:02:04]} 24. Rxe6 {[%clk 0:00:26]}  Rxe6 {[%clk 0:02:05]} 25. Qd2 {[%clk 0:00:24]}  Qf3 {[%clk 0:01:44]} 26. Qd8+ {[%clk 0:00:21]}  Kh7 {[%clk 0:01:42]} 27. Qd3+ {[%clk 0:00:22]}  Qxd3 {[%clk 0:01:42]} 28. Rxd3 {[%clk 0:00:23]}  c4 {[%clk 0:01:42]} 29. bxc4 {[%clk 0:00:23]}  Nxc4 {[%clk 0:01:43]} 30. Nd5 {[%clk 0:00:22]}  Re2 {[%clk 0:01:35]} 31. Kg2 {[%clk 0:00:22]}  Rxa2 {[%clk 0:01:34]} 32. Nb4 {[%clk 0:00:21]}  Ra4 {[%clk 0:01:31]} 33. Nc6 {[%clk 0:00:20]}  Nb6 {[%clk 0:01:08]} 34. Rb3 {[%clk 0:00:19]}  Nd5 {[%clk 0:01:01]} 35. Rb7 {[%clk 0:00:19]}  f6 {[%clk 0:01:02]} 36. Nd4 {[%clk 0:00:16]}  Rxd4 {[%clk 0:00:58]} 0-1

[Event "April 9 Early 2024"]
[Site "Chess.com"]
[Date "2024.04.10"]
[Round "2"]
[White "Reyes Zavaleta, Fabian Ricardo"]
[Black "Garcia Molina, Jose"]
[Result "0-1"]
[Board "125"]
[WhiteFideId "3844153"]
[BlackFideId "32030592"]
[WhiteTitle "FM"]
[BlackTitle "FM"]
[WhiteElo "2694"]
[BlackElo "2376"]
[WhiteTeam "PER"]
[BlackTeam "ESP"]
[WhiteClock "0:00:13"]
[BlackClock "0:00:19"]
[Variant "Standard"]

1. d4 {[%clk 0:02:55]}  d5 {[%clk 0:02:56]} 2. c4 {[%clk 0:02:54]}  c6 {[%clk 0:02:56]} 3. cxd5 {[%clk 0:02:53]}  cxd5 {[%clk 0:02:55]} 4. Bf4 {[%clk 0:02:54]}  Nc6 {[%clk 0:02:53]} 5. Nc3 {[%clk 0:02:51]}  Nf6 {[%clk 0:02:49]} 6. e3 {[%clk 0:02:50]}  a6 {[%clk 0:02:48]} 7. Nf3 {[%clk 0:02:44]}  Bf5 {[%clk 0:02:48]} 8. Ne5 {[%clk 0:02:30]}  Rc8 {[%clk 0:02:28]} 9. Qb3 {[%clk 0:02:13]}  Na5 {[%clk 0:01:55]} 10. Qa4+ {[%clk 0:02:04]}  Nc6 {[%clk 0:01:50]} 11. Be2 {[%clk 0:01:44]}  e6 {[%clk 0:01:46]} 12. O-O {[%clk 0:01:42]}  Be7 {[%clk 0:01:41]} 13. Nxc6 {[%clk 0:01:37]}  Rxc6 {[%clk 0:01:38]} 14. Bxa6 {[%clk 0:01:33]}  O-O {[%clk 0:01:32]} 15. Bb5 {[%clk 0:01:26]}  Rc8 {[%clk 0:01:31]} 16. Rac1 {[%clk 0:01:23]}  Nh5 {[%clk 0:01:29]} 17. Be5 {[%clk 0:01:16]}  f6 {[%clk 0:01:22]} 18. Bg3 {[%clk 0:01:16]}  Nxg3 {[%clk 0:01:23]} 19. hxg3 {[%clk 0:01:17]}  h5 {[%clk 0:01:21]} 20. Rfe1 {[%clk 0:01:14]}  Bd6 {[%clk 0:01:17]} 21. e4 {[%clk 0:01:12]}  dxe4 {[%clk 0:01:16]} 22. Nxe4 {[%clk 0:01:13]}  Rxc1 {[%clk 0:01:14]} 23. Nxf6+ {[%clk 0:01:09]}  Qxf6 {[%clk 0:01:07]} 24. Rxc1 {[%clk 0:01:10]}  Be4 {[%clk 0:01:05]} 25. Rf1 {[%clk 0:01:05]}  h4 {[%clk 0:01:01]} 26. Qb3 {[%clk 0:00:57]}  hxg3 {[%clk 0:00:52]} 27. fxg3 {[%clk 0:00:57]}  Qxd4+ {[%clk 0:00:50]} 28. Kh2 {[%clk 0:00:58]}  Bd5 {[%clk 0:00:39]} 29. Rxf8+ {[%clk 0:00:53]}  Kxf8 {[%clk 0:00:39]} 30. Qc2 {[%clk 0:00:52]}  Qh4+ {[%clk 0:00:30]} 31. Kg1 {[%clk 0:00:52]}  Qd4+ {[%clk 0:00:21]} 32. Kh2 {[%clk 0:00:52]}  Bc5 {[%clk 0:00:21]} 33. Qc1 {[%clk 0:00:24]}  Qe3 {[%clk 0:00:21]} 34. Qd1 {[%clk 0:00:13]}  Qh6+ {[%clk 0:00:19]} 0-1

[Event "April 9 Early 2024"]
[Site "Chess.com"]
[Date "2024.04.10"]
[Round "2"]
[White "Lesbekova, Assel"]
[Black "Aliyev, Ravan"]
[Result "0-1"]
[Board "128"]
[WhiteFideId "13713248"]
[BlackFideId "13409980"]
[WhiteTitle "WCM"]
[BlackTitle "FM"]
[WhiteElo "2315"]
[BlackElo "2688"]
[WhiteTeam "KGZ"]
[BlackTeam "AZE"]
[WhiteClock "0:00:50"]
[BlackClock "0:01:30"]
[Variant "Standard"]

1. e4 {[%clk 0:03:00]}  e6 {[%clk 0:02:58]} 2. d4 {[%clk 0:02:59]}  d5 {[%clk 0:02:58]} 3. exd5 {[%clk 0:02:58]}  exd5 {[%clk 0:02:58]} 4. Nf3 {[%clk 0:02:59]}  Nc6 {[%clk 0:02:57]} 5. c3 {[%clk 0:02:59]}  Bd6 {[%clk 0:02:57]} 6. Bd3 {[%clk 0:03:00]}  Bg4 {[%clk 0:02:56]} 7. h3 {[%clk 0:02:56]}  Bh5 {[%clk 0:02:55]} 8. Nbd2 {[%clk 0:02:51]}  Nge7 {[%clk 0:02:54]} 9. Qc2 {[%clk 0:02:50]}  Qd7 {[%clk 0:02:52]} 10. b4 {[%clk 0:02:43]}  Bg6 {[%clk 0:02:50]} 11. Bb2 {[%clk 0:02:41]}  O-O {[%clk 0:02:45]} 12. O-O {[%clk 0:02:37]}  Bxd3 {[%clk 0:02:44]} 13. Qxd3 {[%clk 0:02:37]}  Ng6 {[%clk 0:02:44]} 14. b5 {[%clk 0:02:29]}  Na5 {[%clk 0:02:39]} 15. Nb3 {[%clk 0:02:26]}  Nc4 {[%clk 0:02:38]} 16. Bc1 {[%clk 0:02:24]}  Rfe8 {[%clk 0:02:37]} 17. a4 {[%clk 0:02:23]}  c6 {[%clk 0:02:32]} 18. bxc6 {[%clk 0:02:20]}  bxc6 {[%clk 0:02:33]} 19. Nc5 {[%clk 0:02:18]}  Bxc5 {[%clk 0:02:32]} 20. dxc5 {[%clk 0:02:19]}  Re4 {[%clk 0:02:27]} 21. Nd2 {[%clk 0:02:15]}  Nge5 {[%clk 0:02:13]} 22. Qg3 {[%clk 0:02:03]}  Nxd2 {[%clk 0:02:06]} 23. Bxd2 {[%clk 0:02:04]}  Nc4 {[%clk 0:02:06]} 24. Bh6 {[%clk 0:01:59]}  f6 {[%clk 0:02:06]} 25. Bf4 {[%clk 0:01:47]}  Rae8 {[%clk 0:02:01]} 26. a5 {[%clk 0:01:39]}  g5 {[%clk 0:01:54]} 27. Bd6 {[%clk 0:01:38]}  h5 {[%clk 0:01:52]} 28. Rfb1 {[%clk 0:01:32]}  h4 {[%clk 0:01:39]} 29. Qh2 {[%clk 0:01:17]}  Qe6 {[%clk 0:01:31]} 30. Rf1 {[%clk 0:01:00]}  Nd2 {[%clk 0:01:31]} 31. Rfd1 {[%clk 0:00:50]}  Re1+ {[%clk 0:01:30]} 0-1

[Event "April 9 Early 2024"]
[Site "Chess.com"]
[Date "2024.04.09"]
[Round "2"]
[White "Arabidze, Meri"]
[Black "Rose, Felix"]
[Result "1-0"]
[Board "129"]
[WhiteFideId "13604040"]
[BlackFideId "5105722"]
[WhiteTitle "IM"]
[BlackTitle "CM"]
[WhiteElo "2684"]
[BlackElo "2314"]
[WhiteTeam "GEO"]
[BlackTeam "MEX"]
[WhiteClock "0:02:02"]
[BlackClock "0:00:59"]
[Variant "Standard"]

1. c4 {[%clk 0:03:00]}  e6 {[%clk 0:02:58]} 2. g3 {[%clk 0:03:00]}  d5 {[%clk 0:02:59]} 3. Bg2 {[%clk 0:03:00]}  Nf6 {[%clk 0:02:59]} 4. Nf3 {[%clk 0:03:00]}  Be7 {[%clk 0:02:59]} 5. O-O {[%clk 0:03:01]}  O-O {[%clk 0:03:00]} 6. b3 {[%clk 0:03:01]}  dxc4 {[%clk 0:02:59]} 7. bxc4 {[%clk 0:03:01]}  c5 {[%clk 0:03:00]} 8. d3 {[%clk 0:03:02]}  Nc6 {[%clk 0:03:00]} 9. Nc3 {[%clk 0:02:59]}  Bd7 {[%clk 0:03:00]} 10. Bb2 {[%clk 0:02:59]}  Rc8 {[%clk 0:03:00]} 11. Qc2 {[%clk 0:02:56]}  b6 {[%clk 0:02:59]} 12. Rad1 {[%clk 0:02:54]}  Qc7 {[%clk 0:02:58]} 13. e3 {[%clk 0:02:54]}  Rfd8 {[%clk 0:02:58]} 14. Qe2 {[%clk 0:02:53]}  Be8 {[%clk 0:02:58]} 15. Ne1 {[%clk 0:02:50]}  Ne5 {[%clk 0:02:47]} 16. f4 {[%clk 0:02:48]}  Nc6 {[%clk 0:02:37]} 17. g4 {[%clk 0:02:44]}  h6 {[%clk 0:02:29]} 18. h4 {[%clk 0:02:43]}  Na5 {[%clk 0:02:20]} 19. g5 {[%clk 0:02:41]}  hxg5 {[%clk 0:02:18]} 20. hxg5 {[%clk 0:02:42]}  Nh7 {[%clk 0:02:18]} 21. Ne4 {[%clk 0:02:33]}  Bc6 {[%clk 0:02:15]} 22. Qh5 {[%clk 0:02:29]}  Nf8 {[%clk 0:02:09]} 23. Kf2 {[%clk 0:02:12]}  f5 {[%clk 0:01:37]} 24. gxf6 {[%clk 0:02:09]}  gxf6 {[%clk 0:00:59]} 25. Rg1 {[%clk 0:02:02]} 1-0

[Event "April 9 Early 2024"]
[Site "Chess.com"]
[Date "2024.04.09"]
[Round "2"]
[White "Varming, Thomas"]
[Black "Lauda, Alexandr"]
[Result "1-0"]
[Board "130"]
[WhiteFideId "1418254"]
[BlackFideId "13903179"]
[BlackTitle "CM"]
[WhiteElo "2676"]
[BlackElo "2309"]
[WhiteTeam "DEN"]
[BlackTeam "MDA"]
[WhiteClock "0:00:33"]
[BlackClock "0:00:00"]
[Variant "Standard"]

1. d4 {[%clk 0:03:00]}  Nf6 {[%clk 0:02:59]} 2. c4 {[%clk 0:02:59]}  e6 {[%clk 0:02:59]} 3. Nf3 {[%clk 0:02:56]}  b6 {[%clk 0:02:59]} 4. a3 {[%clk 0:02:55]}  Bb7 {[%clk 0:02:58]} 5. Nc3 {[%clk 0:02:53]}  d5 {[%clk 0:02:58]} 6. Bg5 {[%clk 0:02:53]}  Nbd7 {[%clk 0:02:46]} 7. e3 {[%clk 0:02:43]}  h6 {[%clk 0:02:41]} 8. Bh4 {[%clk 0:02:41]}  Be7 {[%clk 0:02:41]} 9. Rc1 {[%clk 0:02:41]}  O-O {[%clk 0:02:38]} 10. Bd3 {[%clk 0:02:39]}  dxc4 {[%clk 0:02:38]} 11. Bxc4 {[%clk 0:02:38]}  c5 {[%clk 0:02:37]} 12. O-O {[%clk 0:02:31]}  Rc8 {[%clk 0:02:36]} 13. Ba2 {[%clk 0:02:23]}  cxd4 {[%clk 0:02:29]} 14. Nxd4 {[%clk 0:02:18]}  Nc5 {[%clk 0:02:28]} 15. f3 {[%clk 0:02:15]}  Ba6 {[%clk 0:02:17]} 16. Ndb5 {[%clk 0:02:09]}  Nd3 {[%clk 0:02:01]} 17. Rc2 {[%clk 0:02:05]}  Bc5 {[%clk 0:01:59]} 18. Qe2 {[%clk 0:01:57]}  Ne5 {[%clk 0:01:20]} 19. Rd1 {[%clk 0:01:46]}  Qe8 {[%clk 0:01:19]} 20. a4 {[%clk 0:01:43]}  g5 {[%clk 0:00:55]} 21. Bg3 {[%clk 0:01:39]}  Ng6 {[%clk 0:00:54]} 22. Rcd2 {[%clk 0:01:22]}  Qe7 {[%clk 0:00:50]} 23. Kh1 {[%clk 0:01:15]}  Rcd8 {[%clk 0:00:49]} 24. Bb1 {[%clk 0:01:14]}  Rxd2 {[%clk 0:00:48]} 25. Qxd2 {[%clk 0:01:14]}  Nh5 {[%clk 0:00:42]} 26. Bf2 {[%clk 0:01:08]}  Ne5 {[%clk 0:00:35]} 27. Ne4 {[%clk 0:01:07]}  Bb4 {[%clk 0:00:30]} 28. Qd4 {[%clk 0:01:05]}  f6 {[%clk 0:00:18]} 29. Ng3 {[%clk 0:00:55]}  Bc5 {[%clk 0:00:15]} 30. Qe4 {[%clk 0:00:54]}  Nxg3+ {[%clk 0:00:13]} 31. Bxg3 {[%clk 0:00:55]}  Bb7 {[%clk 0:00:13]} 32. Qc2 {[%clk 0:00:52]}  Nxf3 {[%clk 0:00:13]} 33. gxf3 {[%clk 0:00:48]}  Bxf3+ {[%clk 0:00:13]} 34. Kg1 {[%clk 0:00:49]}  Bxe3+ {[%clk 0:00:13]} 35. Kf1 {[%clk 0:00:47]}  Bxd1 {[%clk 0:00:12]} 36. Qxd1 {[%clk 0:00:48]}  Rd8 {[%clk 0:00:12]} 37. Qh5 {[%clk 0:00:46]}  Qg7 {[%clk 0:00:09]} 38. Nd6 {[%clk 0:00:42]}  Bc5 {[%clk 0:00:09]} 39. Ne4 {[%clk 0:00:39]}  f5 {[%clk 0:00:08]} 40. Nxc5 {[%clk 0:00:37]}  bxc5 {[%clk 0:00:09]} 41. Ba2 {[%clk 0:00:37]}  Qf6 {[%clk 0:00:03]} 42. Qe2 {[%clk 0:00:35]}  f4 {[%clk 0:00:00]} 43. Bf2 {[%clk 0:00:33]} 1-0

[Event "April 9 Early 2024"]
[Site "Chess.com"]
[Date "2024.04.09"]
[Round "2"]
[White "Bullen, Alex"]
[Black "Cremisi, Daniel"]
[Result "0-1"]
[Board "131"]
[WhiteFideId "1801627"]
[BlackFideId "2089882"]
[WhiteTitle "CM"]
[WhiteElo "2307"]
[BlackElo "2675"]
[WhiteTeam "WLS"]
[BlackTeam "USA"]
[WhiteClock "0:01:14"]
[BlackClock "0:02:16"]
[Variant "Standard"]

1. d4 {[%clk 0:03:00]}  Nf6 {[%clk 0:02:58]} 2. Bf4 {[%clk 0:03:01]}  e6 {[%clk 0:02:59]} 3. e3 {[%clk 0:03:01]}  b6 {[%clk 0:02:58]} 4. Nf3 {[%clk 0:03:01]}  Bb7 {[%clk 0:02:59]} 5. c3 {[%clk 0:03:02]}  Be7 {[%clk 0:02:59]} 6. Bd3 {[%clk 0:03:02]}  Nh5 {[%clk 0:02:55]} 7. Nbd2 {[%clk 0:02:53]}  Nxf4 {[%clk 0:02:55]} 8. exf4 {[%clk 0:02:53]}  c5 {[%clk 0:02:55]} 9. O-O {[%clk 0:02:41]}  cxd4 {[%clk 0:02:55]} 10. Nxd4 {[%clk 0:02:41]}  O-O {[%clk 0:02:54]} 11. Qh5 {[%clk 0:02:34]}  g6 {[%clk 0:02:53]} 12. Qh6 {[%clk 0:02:33]}  Nc6 {[%clk 0:02:53]} 13. f5 {[%clk 0:02:24]}  Bg5 {[%clk 0:02:46]} 14. Qh3 {[%clk 0:02:12]}  Nxd4 {[%clk 0:02:33]} 15. Nc4 {[%clk 0:01:59]}  Nxf5 {[%clk 0:02:31]} 16. Bxf5 {[%clk 0:01:58]}  exf5 {[%clk 0:02:27]} 17. f4 {[%clk 0:01:46]}  Bf6 {[%clk 0:02:27]} 18. Rad1 {[%clk 0:01:40]}  Qc7 {[%clk 0:02:26]} 19. Nd6 {[%clk 0:01:35]}  Be7 {[%clk 0:02:21]} 20. Nxf5 {[%clk 0:01:20]}  gxf5 {[%clk 0:02:20]} 21. Qxf5 {[%clk 0:01:21]}  Qc5+ {[%clk 0:02:19]} 22. Qxc5 {[%clk 0:01:18]}  Bxc5+ {[%clk 0:02:20]} 23. Kh1 {[%clk 0:01:18]}  a5 {[%clk 0:02:18]} 24. f5 {[%clk 0:01:18]}  Rfe8 {[%clk 0:02:17]} 25. f6 {[%clk 0:01:18]}  Re2 {[%clk 0:02:16]} 26. Rxd7 {[%clk 0:01:14]}  Bxg2# {[%clk 0:02:16]} 0-1

[Event "April 9 Early 2024"]
[Site "Chess.com"]
[Date "2024.04.10"]
[Round "2"]
[White "Mikhalchenko, Petr"]
[Black "Tang, Benjamin"]
[Result "1-0"]
[Board "132"]
[WhiteFideId "4177657"]
[BlackFideId "30964342"]
[WhiteTitle "FM"]
[BlackTitle "FM"]
[WhiteElo "2673"]
[BlackElo "2302"]
[WhiteTeam "RUS"]
[BlackTeam "USA"]
[WhiteClock "0:00:44"]
[BlackClock "0:00:11"]
[Variant "Standard"]

1. c4 {[%clk 0:03:00]}  Nf6 {[%clk 0:02:58]} 2. e3 {[%clk 0:02:59]}  g6 {[%clk 0:02:57]} 3. Nc3 {[%clk 0:02:59]}  Bg7 {[%clk 0:02:57]} 4. b4 {[%clk 0:02:56]}  d5 {[%clk 0:02:53]} 5. Bb2 {[%clk 0:02:55]}  O-O {[%clk 0:02:52]} 6. Nf3 {[%clk 0:02:48]}  dxc4 {[%clk 0:02:31]} 7. Bxc4 {[%clk 0:02:48]}  Nc6 {[%clk 0:02:29]} 8. b5 {[%clk 0:02:46]}  Na5 {[%clk 0:02:26]} 9. Be2 {[%clk 0:02:45]}  Be6 {[%clk 0:02:22]} 10. Qa4 {[%clk 0:02:42]}  c5 {[%clk 0:02:15]} 11. bxc6 {[%clk 0:02:33]}  Nxc6 {[%clk 0:02:13]} 12. O-O {[%clk 0:02:30]}  Bf5 {[%clk 0:02:10]} 13. e4 {[%clk 0:02:20]}  Nxe4 {[%clk 0:02:01]} 14. Nxe4 {[%clk 0:02:19]}  Bxb2 {[%clk 0:02:00]} 15. Rab1 {[%clk 0:02:16]}  Bg7 {[%clk 0:01:56]} 16. Rxb7 {[%clk 0:02:16]}  Nd4 {[%clk 0:01:45]} 17. Nxd4 {[%clk 0:02:15]}  Bxe4 {[%clk 0:01:44]} 18. Rb4 {[%clk 0:02:09]}  a5 {[%clk 0:01:43]} 19. Rc4 {[%clk 0:02:08]}  Bd5 {[%clk 0:01:42]} 20. Nc6 {[%clk 0:01:51]}  Qd6 {[%clk 0:01:34]} 21. Rc2 {[%clk 0:01:46]}  Rfc8 {[%clk 0:01:25]} 22. Rfc1 {[%clk 0:01:46]}  Rc7 {[%clk 0:01:15]} 23. Bb5 {[%clk 0:01:41]}  Rac8 {[%clk 0:01:08]} 24. Nxa5 {[%clk 0:01:32]}  Rxc2 {[%clk 0:01:05]} 25. Rxc2 {[%clk 0:01:33]}  Rxc2 {[%clk 0:01:04]} 26. Qxc2 {[%clk 0:01:34]}  Qb4 {[%clk 0:00:59]} 27. Qa4 {[%clk 0:01:19]}  Qb1+ {[%clk 0:00:54]} 28. Bf1 {[%clk 0:01:18]}  Bxa2 {[%clk 0:00:46]} 29. h4 {[%clk 0:01:04]}  Be6 {[%clk 0:00:39]} 30. g3 {[%clk 0:01:03]}  Bf5 {[%clk 0:00:35]} 31. Qe8+ {[%clk 0:00:58]}  Bf8 {[%clk 0:00:34]} 32. Nc4 {[%clk 0:00:59]}  Bd3 {[%clk 0:00:28]} 33. Ne3 {[%clk 0:00:59]}  Qe1 {[%clk 0:00:22]} 34. Qd7 {[%clk 0:00:57]}  Bxf1 {[%clk 0:00:20]} 35. Nxf1 {[%clk 0:00:58]}  Qa1 {[%clk 0:00:18]} 36. Kg2 {[%clk 0:00:56]}  Qf6 {[%clk 0:00:19]} 37. Qd5 {[%clk 0:00:55]}  Qd6 {[%clk 0:00:19]} 38. Qxd6 {[%clk 0:00:54]}  exd6 {[%clk 0:00:20]} 39. Ne3 {[%clk 0:00:55]}  Kg7 {[%clk 0:00:20]} 40. Nd5 {[%clk 0:00:56]}  f6 {[%clk 0:00:19]} 41. Kf3 {[%clk 0:00:56]}  Kf7 {[%clk 0:00:19]} 42. Ke4 {[%clk 0:00:57]}  Ke6 {[%clk 0:00:19]} 43. Nf4+ {[%clk 0:00:54]}  Kf7 {[%clk 0:00:19]} 44. Kd5 {[%clk 0:00:55]}  Ke7 {[%clk 0:00:18]} 45. Ne6 {[%clk 0:00:55]}  Bh6 {[%clk 0:00:18]} 46. f4 {[%clk 0:00:56]}  f5 {[%clk 0:00:18]} 47. d4 {[%clk 0:00:55]}  Kd7 {[%clk 0:00:16]} 48. Ng5 {[%clk 0:00:45]}  Bxg5 {[%clk 0:00:15]} 49. hxg5 {[%clk 0:00:43]}  Ke7 {[%clk 0:00:16]} 50. Kc6 {[%clk 0:00:43]}  Ke6 {[%clk 0:00:16]} 51. d5+ {[%clk 0:00:43]}  Ke7 {[%clk 0:00:11]} 52. Kc7 {[%clk 0:00:44]} 1-0